Zur Zukunft der Transzendentalphilosophie
Αποθηκεύτηκε σε:
| Άλλοι συγγραφείς: | , |
|---|---|
| Μορφή: | Βιβλίο |
| Γλώσσα: | German English |
| Δημοσίευση: |
Gottingen :
Vanderhoeck & Ruprecht,
[c1978]
|
| Σειρά: | Neue Hefte fur Philosophie ;
; 14 |
| Θέματα: | |
| Ετικέτες: |
Προσθήκη ετικέτας
Δεν υπάρχουν, Καταχωρήστε ετικέτα πρώτοι!
|
MARC
| LEADER | 00000cam a2200000 i 4500 | ||
|---|---|---|---|
| 001 | 1/39280 | ||
| 008 | 061213s1978 ger d | ||
| 035 | |l 10086549 | ||
| 040 | |a GR-MY-UA |b gre |e aacr | ||
| 041 | 0 | |a ger |a eng | |
| 082 | 0 | |a 142.7 |2 (22) | |
| 245 | 1 | 0 | |a Zur Zukunft der Transzendentalphilosophie / |c Beitrage von: Stephan Korner...[et al.] ; herausgegeber: Rudiger Bubner, Konrad Cramer, Reiner Wiehl |
| 260 | |a Gottingen : |b Vanderhoeck & Ruprecht, |c [c1978] | ||
| 300 | |a 142 σ.; |c 24 εκ. | ||
| 490 | 1 | |a Neue Hefte fur Philosophie |v ; 14 | |
| 500 | |a Με: Phanomenologie und Sprachanalyse / Beitrge von: Gilbert Ryle...[et al.]. - Dialog als Methode / Beitrage von: Karl-Otto Apel...[et al.]. - Tendenzen der Wissenschaftstheorie / Beitrage von: Lorenz Kruger...[et al.]. - Philosophische Psychologie? / Beitrage von: Paul Ricoeur...[et al.] | ||
| 650 | 0 | 0 | |a Transcendentalism. |
| 700 | 1 | |a Korner, Stephan, |d 1913-2000. | |
| 700 | 1 | |a Bubner, Rudiger |d 1941- |4 edt | |
| 830 | 0 | |a Neue Hefte fur Philosophie ; |v ; 14 | |
| 852 | |a INST |b RHODES |c KRI |e 20061213 |h 142.7 PHA |p 005400027360 |q 005400027360 |t BK |y 0 | ||
| 901 | |a BIBL4-2006-3 | ||
| 909 | |a Ρ |b 123555 | ||
| 970 | |a ΚΟΖΑ |b ΜΑΡΙΑ |z 2006/12/13 | ||